| 000 | 00789nam a22001935i 4500 | ||
|---|---|---|---|
| 001 | 164867 | ||
| 003 | ES-MaACL | ||
| 005 | 20230906213025.0 | ||
| 008 | 990310s1886 sp |||| | spa d | ||
| 040 |
_aCCPB | B _bspa _cCCPB | B |
||
| 080 | _a821.134.2-31"18" | ||
| 100 | 1 |
_aSbarbi y Osuna, José María. _9132521 |
|
| 245 | 1 | 0 |
_aDoña Lucía _b: novela histórica o historia novelesca / _c[José María Sbarbi]. |
| 260 |
_aMadrid : _b[s.n.], _c1886 ( _fImprenta de la viuda é hija de Fuentenebro) |
||
| 300 |
_aXXII, 246 p. ; _c18 cm. |
||
| 594 | _aAutor tomado de Palau. | ||
| 852 |
_aES-MaACL _jL-4899(6-2) _z-- Enc. hol., conservando la cub. original _z.- Donativo Roda |
||
| 852 |
_aES-MaACL _jT-598-F-2 _z-- Enc. hol., conservando la cub. original _z-- Enc. en un vol. facticio |
||
| 999 |
_c164867 _d164867 |
||